Champions League Final host countries - Statistics

General Stats
  • This quiz has been taken 738 times
  • The average score is 55 of 57
Answer Stats
Year City Country % Correct
1954-55 Paris France
100%
1974-75 Paris France
100%
1980-81 Paris France
100%
1999-00 Paris France
100%
1962-63 London England
99%
1967-68 London England
99%
1970-71 London England
99%
1977-78 London England
99%
1991-92 London England
99%
2002-03 Manchester England
99%
2010-11 London England
99%
1958-59 Stuttgart Germany
99%
1978-79 Munich Germany
99%
1987-88 Stuttgart Germany
99%
1992-93 Munich Germany
99%
1996-97 Munich Germany
99%
2003-04 Gelsenkirchen Germany
99%
2011-12 Munich Germany
99%
1964-65 Milan Italy
99%
1969-70 Milan Italy
99%
1976-77 Rome Italy
99%
1983-84 Rome Italy
99%
1990-91 Bari Italy
99%
1995-96 Rome Italy
99%
2000-01 Milan Italy
99%
2008-09 Rome Italy
99%
1956-57 Madrid Spain
99%
1968-69 Madrid Spain
99%
1979-80 Madrid Spain
99%
1985-86 Seville Spain
99%
1988-89 Barcelona Spain
99%
1998-99 Barcelona Spain
99%
2009-10 Madrid Spain
99%
1982-83 Athens Greece
98%
1993-94 Athens Greece
98%
2006-07 Athens Greece
98%
1957-58 Brussels Belgium
97%
1965-66 Brussels Belgium
97%
1973-74 Brussels Belgium
97%
1984-85 Brussels Belgium
97%
1961-62 Amsterdam Netherlands
97%
1971-72 Rotterdam Netherlands
97%
1981-82 Rotterdam Netherlands
97%
1997-98 Amsterdam Netherlands
97%
2007-08 Moscow Russia
97%
2004-05 Istanbul Turkey
97%
1966-67 Lisbon Portugal
96%
1959-60 Glasgow Scotland
96%
1975-76 Glasgow Scotland
96%
2001-02 Glasgow Scotland
96%
1963-64 Vienna Austria
94%
1986-87 Vienna Austria
94%
1989-90 Vienna Austria
94%
1994-95 Vienna Austria
94%
1960-61 Bern Switzerland
89%
1972-73 Belgrade Serbia
83%
2005-06 Paris Paris
20%
No matching quizzes found
Score Distribution
Percent of People with Each Score
Percentile by Number Answered
Your Score History
You have not taken this quiz